[Event "BCF-ch"]
[Site "Eastbourne"]
[Date "1991.??.??"]
[Round "8"]
[White "McDonald, Neil R"]
[Black "Collinson, Adam"]
[Result "0-1"]
[WhiteElo "2385"]
[BlackElo "2320"]

1.e4 e5 2.Nf3 Nc6 3.Bb5 a6 4.Ba4 Nf6 5.O-O b5 6.Bb3 Bb7 7.Re1 Bc5 8.c3 d6
9.d4 Bb6 10.Bg5 h6 11.Bh4 g5 12.Bg3 O-O 13.dxe5 Nxe5 14.Nbd2 Nd3 15.Re2 Nh5
16.Nf1 Nxg3 17.Nxg3 Nf4 18.Rd2 Qf6 19.Nd4 Rae8 20.Qf3 Re5 21.h3 Rfe8 22.a4 Rxe4
23.Nxe4 Rxe4 24.Qg4 Nxg2 25.Qxg2 Rxd4 26.cxd4 Bxg2 27.Kxg2 Bxd4 28.axb5 axb5
29.Ra8+ Kg7 30.Re2 Qf4 31.Bd5 Be5 32.Re3 Qd4 33.Bb3 c5 34.Ra2 Qd2 35.Ra7 c4  0-1

[Event "BCF-ch"]
[Site "Eastbourne"]
[Date "1991.??.??"]
[Round "10"]
[White "Rayner, Francis"]
[Black "Rahman, Zillur"]
[Result "1-0"]
[WhiteElo "2265"]
[BlackElo "2395"]

1.e4 e5 2.Nf3 Nc6 3.Bb5 a6 4.Ba4 Nf6 5.O-O b5 6.Bb3 Bb7 7.d4 Nxd4 8.Nxd4 exd4
9.e5 Ne4 10.c3 Nc5 11.cxd4 Nxb3 12.axb3 Be7 13.Qg4 Kf8 14.Nc3 b4 15.Ne2 h5
16.Qh3 d6 17.f4 h4 18.Be3 Kg8 19.Rad1 Bd5 20.Bc1 c6 21.f5 dxe5 22.dxe5 Bc5+
23.Kh1 Qe8 24.e6 Bd6 25.Nd4 f6 26.Rfe1 Ra7 27.Nc2 Bg3 28.Re3 a5 29.Red3 Ra8
30.Ne3 Be4 31.Rd4 Bb1 32.hxg3 hxg3 33.Rh4 Rxh4 34.Qxh4 g5 35.Qh6 Ra7 36.Ng4  1-0

[Event "BCF-ch"]
[Site "Eastbourne"]
[Date "1991.??.??"]
[Round "10"]
[White "Mordue, A Tyson"]
[Black "Emms, John M"]
[Result "0-1"]
[WhiteElo "2210"]
[BlackElo "2440"]

1.e4 e5 2.Nf3 Nc6 3.Bb5 a6 4.Ba4 Nf6 5.O-O b5 6.Bb3 Bb7 7.d4 Nxd4 8.Nxd4 exd4
9.e5 Ne4 10.c3 dxc3 11.Qf3 d5 12.exd6 Qf6 13.Re1 O-O-O 14.Qxf6 Nxf6 15.dxc7 Kxc7
16.Nxc3 Bc5 17.Bf4+ Kb6 18.h3 Bc6 19.Rad1 Rhe8 20.Rxe8 Rxe8 21.Bxf7 Re7 22.Bb3 b4
23.Nd5+ Bxd5 24.Bxd5 Re2 25.Bb3 Rxf2 26.Bd6 Rxb2+ 27.Bxc5+ Kxc5 28.Rc1+ Kb6
29.Rc8 Kb7 30.Rc5 Re2 31.Rc4 a5 32.Rc5 Kb6 33.Rg5 Re7 34.Bc4 Ra7 35.Bd3 Kc6
36.Bb5+ Kd6 37.Ba4 Ne4 38.Rh5 Nc3 39.Bb3 h6 40.Rh4 a4 41.Bg8 b3 42.axb3 a3
43.b4 a2 44.Bxa2 Nxa2 45.Rg4 Rb7 46.b5 Nc3 47.b6 Nd5  0-1

[Event "NLD-ch sf"]
[Site "Enschede"]
[Date "1991.??.??"]
[Round "2"]
[White "Hoeksema, Hendrik Pieter"]
[Black "Van de Oudeweetering, Arthur"]
[Result "1/2-1/2"]
[WhiteElo "2390"]
[BlackElo "2345"]

1.e4 e5 2.Nf3 Nc6 3.Bb5 a6 4.Ba4 Nf6 5.O-O b5 6.Bb3 Bb7 7.c3 h6 8.d4 d6 9.Nbd2 g6
10.d5 Ne7 11.c4 Bg7 12.Bc2 O-O 13.b3  1/2-1/2

[Event "EST-FIN m"]
[Site "EST"]
[Date "1991.??.??"]
[Round "1"]
[White "Rytshagov, Mikhail"]
[Black "Rantanen, Yrjo A"]
[Result "1-0"]
[WhiteElo "2385"]
[BlackElo "2415"]

1.e4 e5 2.Nf3 Nc6 3.Bb5 a6 4.Ba4 Nf6 5.O-O b5 6.Bb3 Bb7 7.d3 Be7 8.Nc3 Na5
9.Nxe5 Nxb3 10.axb3 b4 11.Ne2 d5 12.Nd4 dxe4 13.dxe4 Bxe4 14.Bg5 Qd6 15.Ndc6 Bxc6
16.Qxd6 Bxd6 17.Nxc6 Ne4 18.Be3 Kd7 19.Na5 Rhe8 20.Rfd1 Ke6 21.Nc6 f5 22.Rd4 a5  1-0

[Event "Forli op"]
[Site "Forli"]
[Date "1991.??.??"]
[Round "6"]
[White "Dutreeuw, Marc"]
[Black "Malaniuk, Vladimir P"]
[Result "0-1"]
[WhiteElo "2405"]
[BlackElo "2500"]

1.e4 e5 2.Nf3 Nc6 3.Bb5 a6 4.Ba4 Nf6 5.O-O b5 6.Bb3 Bb7 7.Re1 Bc5 8.c3 d6
9.d4 Bb6 10.Bg5 h6 11.Bh4 Qd7 12.a4 O-O-O 13.axb5 axb5 14.Bxf6 gxf6 15.Bd5 Rhg8
16.Bxc6 Bxc6 17.d5 Bb7 18.c4 Qh3 19.g3 Rxg3+ 20.hxg3 Rg8  0-1

[Event "Arnold Cup"]
[Site "Gausdal"]
[Date "1991.??.??"]
[Round "7"]
[White "Ernst, Thomas"]
[Black "Shirov, Alexei"]
[Result "1-0"]
[WhiteElo "2500"]
[BlackElo "2615"]

1.e4 e5 2.Nf3 Nc6 3.Bb5 a6 4.Ba4 Nf6 5.O-O b5 6.Bb3 Bb7 7.Re1 Bc5 8.c3 d6
9.d4 Bb6 10.Bg5 h6 11.Bh4 Qe7 12.a4 g5 13.axb5 axb5 14.Rxa8+ Bxa8 15.Bg3 h5
16.h4 g4 17.Nh2 exd4 18.Nf1 O-O 19.Bf4 Nxe4 20.Ng3 Nxf2 21.Kxf2 Qf6 22.Nxh5 Qxh4+
23.Ng3 Ne5 24.cxd4 Qf6 25.Nh5 Qh4+ 26.Ng3 Qf6 27.Nh5 g3+ 28.Kf1 Qh4 29.dxe5 Qh1+
30.Ke2 Qxh5+ 31.Kd2 Qh4 32.Be3 dxe5 33.Kc1 Bxg2 34.Bxb6 cxb6 35.Qe2 Bc6 36.Nc3 g2
37.Rg1 Qf4+ 38.Kb1 Rd8 39.Nd5 Bxd5 40.Bxd5 Kf8 41.Qxg2 Rd7 42.Qg7+ Ke8 43.Bc6 Ke7
44.Re1 Rd2 45.Rxe5+ Kd6 46.Re4 Qf1+ 47.Ka2 Kxc6 48.Qc3+ Kd5 49.Re5+ Kd6 50.Re8  1-0

[Event "Troll Masters"]
[Site "Gausdal"]
[Date "1991.??.??"]
[Round "7"]
[White "Reeh, Oliver"]
[Black "Shirov, Alexei"]
[Result "0-1"]
[WhiteElo "2470"]
[BlackElo "2615"]

1.e4 e5 2.Nf3 Nc6 3.Bb5 a6 4.Ba4 Nf6 5.O-O b5 6.Bb3 Bb7 7.d3 Be7 8.a4 O-O
9.Nc3 b4 10.Nd5 Na5 11.Nxe7+ Qxe7 12.Ba2 d5 13.exd5 Bxd5 14.Bxd5 Nxd5 15.Re1 f6
16.Bd2 Rfe8 17.c4 Nb6 18.Be3 c5 19.Qc2 Qd6 20.Rad1 Nd7 21.Nd2 f5 22.f3 Nc6
23.Nb3 Nd4 24.Bxd4 exd4 25.Qf2 Qc6 26.Rxe8+ Rxe8 27.Re1 Rxe1+ 28.Qxe1 Kf7
29.a5 Qa4 30.Qd1 Ne5 31.h3 g6 32.f4 Nd7 33.Kh2 h5 34.Qc2 Qc6 35.Qe2 Qc7 36.Qf3 h4
37.Kg1 Nf8 38.Qf2 Qe7 39.Kf1 Ne6 40.Ke1 Nxf4+ 41.Kd2 Qg5 42.Kc2 Qg3 43.Qxg3 hxg3
44.Nxc5 Nxg2 45.Kd2 Nf4 46.Ke1 Ke7  0-1

[Event "Gausdal Int"]
[Site "Gausdal"]
[Date "1991.??.??"]
[Round "7"]
[White "Prasad, Devaki V"]
[Black "Yakovich, Yuri"]
[Result "0-1"]
[WhiteElo "2420"]
[BlackElo "2560"]

1.e4 e5 2.Nf3 Nc6 3.Bb5 a6 4.Ba4 Nf6 5.O-O b5 6.Bb3 Bb7 7.d3 Be7 8.Nc3 d6
9.a4 Na5 10.Ba2 b4 11.Ne2 O-O 12.Ng3 Rb8 13.Re1 c5 14.Nd2 Bc8 15.h3 Ne8 16.Nc4 Nxc4
17.Bxc4 Nc7 18.Qf3 Bg5 19.Nf5 Bxc1 20.Raxc1 Be6 21.Ne3 Qd7 22.b3 Kh8 23.Rcd1 Qe7
24.Qg3 Qf6 25.Rf1 g5 26.Bxe6 fxe6 27.Nc4 Ne8 28.Rde1 Rb7 29.Re3 Qg7 30.Qg4 Re7
31.Qe2 Qg6 32.Rf3 Rg8 33.Rg3 Qh6 34.Re1 Rf7 35.Qd2 Rf4 36.c3 bxc3 37.Qxc3 Qf6
38.Re2 Rf8 39.Qb2 h5 40.Kf1 Rf7 41.Ke1 Kh7 42.Rge3 Rb7 43.g3 Rf3 44.Nd2 Rxe3
45.Rxe3 Qd8 46.Nc4 Rb4 47.Qc3 Nf6 48.Nd2 Ng8 49.Re2 Ne7 50.f4 gxf4 51.gxf4 Ng6
52.fxe5 Nxe5 53.Nc4 Nf3+ 54.Kd1 Qg5  0-1

[Event "GER CupT"]
[Site "GER"]
[Date "1991.??.??"]
[Round "?"]
[White "Rechel, Bernd"]
[Black "Schwamberger, Martin"]
[Result "0-1"]
[WhiteElo "2350"]
[BlackElo "2310"]

1.e4 e5 2.Nf3 Nc6 3.Bb5 a6 4.Ba4 Nf6 5.O-O b5 6.Bb3 Bb7 7.Re1 Bc5 8.c3 d6
9.d4 Bb6 10.a4 O-O 11.axb5 axb5 12.Rxa8 Bxa8 13.Bg5 h6 14.Bh4 g5 15.Bg3 exd4
16.Qd3 Na5 17.Ba2 c5 18.e5 c4 19.Qf5 Nh5 20.Nbd2 Ng7 21.Qb1 d3 22.b3 d5 23.bxc4 bxc4
24.Qd1 Nc6 25.Nf1 Nf5 26.e6 f6 27.N3d2 Re8 28.Nxc4 dxc4 29.Bxc4 Nce7 30.Qh5 Rf8
31.Nd2 Kg7 32.Rd1 Nxg3 33.hxg3 Bxf2+ 34.Kxf2 Qb6+ 35.Kf1 Nf5 36.Qh2 Qe3  0-1

[Event "BL2-S9091"]
[Site "Germany"]
[Date "1991.??.??"]
[Round "?"]
[White "Dolgener, Tobias"]
[Black "Jell, Klaus"]
[Result "1-0"]
[WhiteElo "2225"]
[BlackElo "2220"]

1.e4 e5 2.Nf3 Nc6 3.Bb5 a6 4.Ba4 Nf6 5.O-O b5 6.Bb3 Bb7 7.d3 Bc5 8.c3 O-O
9.Bg5 h6 10.Bh4 Bb6 11.a4 d6 12.axb5 axb5 13.Rxa8 Bxa8 14.Na3 g5 15.Nxg5 hxg5
16.Bxg5 Kg7 17.Qf3 Rh8 18.Bd5 Rh6 19.Bxh6+ Kxh6 20.Bxf7 Kg7 21.Ba2 Ne7 22.h4 Qh8
23.g3 d5 24.exd5 Nexd5 25.Qf5 Ne7 26.Qxe5 Ng6 27.Qe6 Qf8 28.d4 Nh5 29.Qd7+ Kh6
30.Qf7 Qd6 31.Qe6 Nxg3 32.Qe3+ Kg7 33.fxg3 Qc6 34.Rf7+  1-0

[Event "BL2-SW9091"]
[Site "Germany"]
[Date "1991.??.??"]
[Round "?"]
[White "Dudek, Richard"]
[Black "Bode, Ulf"]
[Result "0-1"]
[WhiteElo "2300"]
[BlackElo "2250"]

1.e4 e5 2.Nf3 Nc6 3.Bb5 a6 4.Ba4 Nf6 5.O-O b5 6.Bb3 Bb7 7.Re1 Bc5 8.c3 d6
9.d4 Bb6 10.a4 O-O 11.Bg5 h6 12.Bh4 g5 13.Bg3 Re8 14.d5 Ne7 15.axb5 axb5
16.Rxa8 Bxa8 17.Na3 Qd7 18.c4 Ng6 19.Nxb5 h5 20.Nxg5 h4 21.Bxh4 Nxh4 22.h3 Kg7
23.g3 Ng6 24.Ba4 Qe7 25.h4 Rh8 26.Kg2 Bb7 27.Rh1 Bc8 28.f3 Nh5 29.Nc3 Be3
30.Nh3 Nxg3  0-1

[Event "BL2-SW9091"]
[Site "Germany"]
[Date "1991.??.??"]
[Round "?"]
[White "Dudek, Richard"]
[Black "Thiel, Thomas"]
[Result "0-1"]
[WhiteElo "2300"]
[BlackElo "2220"]

1.e4 e5 2.Nf3 Nc6 3.Bb5 a6 4.Ba4 Nf6 5.O-O b5 6.Bb3 Bb7 7.Re1 Bc5 8.c3 d6
9.d4 Bb6 10.a4 Na5 11.Bc2 O-O 12.Bg5 Re8 13.axb5 axb5 14.Na3 exd4 15.Nxd4 Re5
16.Nf3 Re8 17.Nxb5 h6 18.Bh4 g5 19.Bg3 Nxe4 20.Qd3 d5 21.Nfd4 Qf6 22.Nxc7 Bxc7
23.Bxc7 Qxf2+ 24.Kh1 Qxe1+ 25.Rxe1 Nf2+ 26.Kg1 Nxd3 27.Rxe8+ Rxe8 28.Bxd3 Nc4
29.Nf5 Nxb2 30.Nxh6+ Kg7 31.Nf5+ Kf6 32.Bb5 Re1+ 33.Kf2 Rc1 34.Nd6 Ba8 35.Ne8+ Kg6
36.Be5 Rc2+ 37.Kf1 Nc4 38.Bd4 Nd2+ 39.Ke1 Ne4 40.Bf1 Bc6 41.Nd6 Rc1+  0-1

[Event "BL2-SW9091"]
[Site "Germany"]
[Date "1991.??.??"]
[Round "?"]
[White "Vatter, Hans Joachim"]
[Black "Bode, Ulf"]
[Result "1-0"]
[WhiteElo "2325"]
[BlackElo "2250"]

1.e4 e5 2.Nf3 Nc6 3.Bb5 a6 4.Ba4 Nf6 5.O-O b5 6.Bb3 Bb7 7.Re1 Bc5 8.c3 d6
9.d4 Bb6 10.a4 O-O 11.Bg5 h6 12.Bh4 g5 13.Bg3 Re8 14.d5 Ne7 15.Na3 Qd7 16.Qd3 Ng6
17.Nc2 Ng4 18.h3 Nf4 19.Qd1 Nf6 20.Nh2 h5 21.Qf3 h4 22.Bxf4 gxf4 23.Kh1 Kg7
24.Rg1 Rh8 25.axb5 axb5 26.Nb4 Rag8 27.Qe2 Kf8 28.Bd1 Bxf2 29.Rf1 Bb6 30.Qe1 Rg3
31.Bf3 Rhg8 32.Qd1 R8g5 33.Nd3 Kg7 34.Nf2 Bc8 35.Qe2 Qe7 36.Qxb5 Bc5 37.b4 Be3
38.Qe2  1-0

[Event "BL2-W9091"]
[Site "Germany"]
[Date "1991.??.??"]
[Round "?"]
[White "Holzke, Frank"]
[Black "Schlueter, Wolfgang"]
[Result "1-0"]
[WhiteElo "2345"]
[BlackElo "2275"]

1.e4 e5 2.Nf3 Nc6 3.Bb5 a6 4.Ba4 Nf6 5.O-O b5 6.Bb3 Bb7 7.d4 Na5 8.Bg5 Nxb3
9.axb3 d6 10.dxe5 dxe5 11.Qxd8+ Rxd8 12.Nxe5 Bxe4 13.Re1 Be7 14.Rxa6 O-O
15.Nc3 Bb4 16.Bxf6 Bxc3 17.bxc3 gxf6 18.Rxf6 Bxc2 19.b4 Rfe8 20.f4 Bb3 21.Rc6 Rd2
22.Re3 Rd6 23.Rg3+ Kh8 24.Rxc7 f6 25.Rd7 Rxd7 26.Nxd7 Re4 27.Nc5 Re1+ 28.Kf2 Rb1
29.Nxb3  1-0

[Event "Hajduszoboszlo zt (Women)"]
[Site "Hajduszoboszlo"]
[Date "1991.??.??"]
[Round "7"]
[White "Madl, Ildiko"]
[Black "Stanciu, Gabriela"]
[Result "1-0"]
[WhiteElo "2370"]
[BlackElo "2255"]

1.e4 e5 2.Nf3 Nc6 3.Bb5 a6 4.Ba4 Nf6 5.O-O b5 6.Bb3 Bb7 7.Re1 Bc5 8.c3 d6
9.d4 Bb6 10.Be3 O-O 11.Nbd2 Na5 12.Bc2 Re8 13.d5 Bxe3 14.Rxe3 c6 15.b4 Nc4
16.Nxc4 bxc4 17.dxc6 Bxc6 18.Nd2 Rc8 19.Nxc4 Bxe4 20.Bxe4 Rxc4 21.Bd3 Rc6
22.Bf1 d5 23.b5 Rc5 24.bxa6 Qa5 25.Qb3 Ne4 26.Qb4 Qc7 27.c4 Nf6 28.cxd5 Nxd5
29.Qa4 Ra8 30.Rb3 Nc3 31.Qb4 g6 32.Re1 Nxa2 33.Qb7 Qd8 34.Qf3 Qd5 35.Qxd5 Rxd5
36.Ra1 Rd2 37.Rb7 Rc2 38.g3 Kg7 39.a7 Kf6 40.Bd3 Rc3 41.Rxa2  1-0

[Event "Hastings9192"]
[Site "Hastings"]
[Date "1991.??.??"]
[Round "3"]
[White "Suetin, Alexey S"]
[Black "Shirov, Alexei"]
[Result "1/2-1/2"]
[WhiteElo "2405"]
[BlackElo "2610"]

1.e4 e5 2.Nf3 Nc6 3.Bb5 a6 4.Ba4 Nf6 5.O-O b5 6.Bb3 Bb7 7.d3 Be7 8.c4 b4
9.Ba4 d6 10.d4 O-O 11.d5 Nb8 12.Nbd2 Nbd7 13.Re1 Nb6 14.Bc2 c6 15.a3 a5 16.b3 cxd5
17.exd5 Nbd7 18.Nf1 Qb6 19.Ng3 g6 20.Ng5 bxa3 21.Rxa3 Rfc8 22.Be3 Qc7 23.Bd3 Nc5
24.Bf1 Rcb8 25.h3 Bc8 26.Qc2 Rb7 27.Rea1 Nfd7 28.N5e4 f5 29.Nxc5 Nxc5 30.Bd2 Rba7
31.Ne2 Bd7 32.Nc3 e4 33.Nb5 Bxb5 34.cxb5 Bf6 35.R1a2 Be5 36.Be3 Kf8 37.Qc4 Ke7
38.b4 axb4 39.Rxa7 Rxa7 40.Rxa7 Qxa7 41.Qxb4 Qb6 42.g3 Kd7 43.Qa3 Kc7 44.Qa8 Qb7
45.Qg8 Kb6 46.Qd8+ Qc7 47.Qa8 Qb7 48.Qd8+ Qc7 49.Qe8 Kb7 50.Qc6+ Qxc6 51.dxc6+ Kb6
52.Bc4 d5 53.Bxd5 Kxb5 54.Bg8 h5 55.Bf7 Kxc6 56.Bxg6 h4 57.Kg2 hxg3 58.fxg3 Nd3
59.Bxf5 Ne1+ 60.Kf2 Nd3+ 61.Kf1 Kd5 62.g4 Bf4  1/2-1/2

[Event "Helsingborg-A"]
[Site "Helsingborg"]
[Date "1991.??.??"]
[Round "?"]
[White "Astrom, Goran"]
[Black "Jepson, Christian"]
[Result "1/2-1/2"]
[WhiteElo "2325"]
[BlackElo "2235"]

1.e4 e5 2.Nf3 Nc6 3.Bb5 a6 4.Ba4 Nf6 5.O-O b5 6.Bb3 Bb7 7.Re1 Bc5 8.c3 d6
9.d4 Bb6 10.Bg5 h6 11.Bh4 g5 12.Bg3 O-O 13.dxe5 Nxe5 14.Nxe5 dxe5 15.Qf3  1/2-1/2

[Event "Helsingborg-A"]
[Site "Helsingborg"]
[Date "1991.??.??"]
[Round "?"]
[White "Lind, Jan Olov"]
[Black "Jepson, Christian"]
[Result "1/2-1/2"]
[WhiteElo "2295"]
[BlackElo "2235"]

1.e4 e5 2.Nf3 Nc6 3.Bb5 a6 4.Ba4 Nf6 5.O-O b5 6.Bb3 Bb7 7.Re1 Bc5 8.c3 d6
9.d4 Bb6 10.Bg5 h6 11.Bh4 g5 12.Bg3 O-O 13.dxe5 Nxe5 14.Nxe5 dxe5 15.Qf3 Qe7
16.Qf5 Kg7 17.Bxe5 Rad8 18.Bd5 Bxd5 19.exd5 Rxd5 20.c4 Qxe5 21.Qxe5 Bxf2+
22.Kf1 Rxe5 23.Rxe5 Bd4 24.Re2 Ng4 25.cxb5 axb5 26.Nc3 Nxh2+ 27.Ke1 Rb8  1/2-1/2

[Event "CUB-ch"]
[Site "Holguin"]
[Date "1991.??.??"]
[Round "1"]
[White "Herrera, Irisberto"]
[Black "Lugo, Blas"]
[Result "0-1"]
[WhiteElo "2260"]
[BlackElo "2335"]

1.e4 e5 2.Nf3 Nc6 3.Bb5 a6 4.Ba4 Nf6 5.O-O b5 6.Bb3 Bb7 7.Re1 Bc5 8.c3 d6
9.d4 Bb6 10.Be3 O-O 11.Nbd2 h6 12.h3 Re8 13.d5 Ne7 14.Bxb6 cxb6 15.Nf1 Nd7
16.Ne3 Nc5 17.Bc2 Rc8 18.Nh2 Rc7 19.Qd2 Bc8 20.b4 Nd7 21.a4 bxa4 22.c4 Rf8
23.Rxa4 Ng6 24.Ra3 Nf6 25.Nf3 Nh5 26.Kh2 Nhf4 27.Rc1 Qf6 28.Bd1 Nh4 29.Ng1 Qg6
30.g3 Qxe4 31.gxh4 Nxh3 32.Nxh3 Bxh3 33.f3 Qxh4 34.Ng2 Bxg2+ 35.Kxg2 Rxc4
36.Rxc4 Qxc4 37.Be2 Qh4 38.Rxa6 f5 39.Qe3 Rf6 40.Ra8+ Kh7  0-1

[Event "Kerteminde"]
[Site "Kerteminde"]
[Date "1991.??.??"]
[Round "2"]
[White "Mortensen, Erling"]
[Black "Shirov, Alexei"]
[Result "0-1"]
[WhiteElo "2450"]
[BlackElo "2615"]

1.e4 e5 2.Nf3 Nc6 3.Bb5 a6 4.Ba4 Nf6 5.O-O b5 6.Bb3 Bb7 7.c3 Nxe4 8.d4 Na5
9.Bc2 exd4 10.Qe2 d5 11.Nxd4 c5 12.Nb3 Nxb3 13.axb3 Be7 14.Re1 O-O 15.f3 f5
16.fxe4 fxe4 17.c4 Bd6 18.Qg4 Qf6 19.Be3 d4 20.Nd2 Qe5 21.g3 dxe3 22.Nxe4 Rae8
23.Rad1 Qxb2 24.Qe2 Be5 25.Rb1 Qa3 26.cxb5 Bd4 27.Rf1 axb5 28.Rxf8+ Rxf8
29.Qxb5 Qa8 30.Qd3 Ba6  0-1

[Event "Krumbach op"]
[Site "Krumbach"]
[Date "1991.??.??"]
[Round "5"]
[White "Korneev, Oleg"]
[Black "Thiel, Thomas"]
[Result "1-0"]
[WhiteElo "2345"]
[BlackElo "2220"]

1.e4 e5 2.Nf3 Nc6 3.Bb5 a6 4.Ba4 Nf6 5.O-O b5 6.Bb3 Bb7 7.Re1 Bc5 8.c3 d6
9.d4 Bb6 10.Be3 O-O 11.Nbd2 h6 12.dxe5 Nxe5 13.Nxe5 dxe5 14.Bxb6 cxb6 15.Qe2 Qe7
16.Qf3 Kh8 17.Nf1 Nxe4 18.Rxe4 Bxe4 19.Qxe4 f5 20.Qe3 Qc5 21.Re1 e4 22.Qxc5 bxc5
23.Bd5 Rad8 24.c4 bxc4 25.Bxc4 Rd4 26.b3 a5 27.a4 f4 28.h4 g6 29.g3 g5 30.h5 Kg7
31.Nh2 Rfd8 32.Kg2 Re8 33.Ng4 Rd2 34.Kh3 Re7 35.gxf4 gxf4 36.Rg1 Kf8 37.Nxh6 Rh7
38.Rg8+ Ke7 39.Nf5+ Kf6 40.Kg4  1-0

[Event "Leningrad op"]
[Site "Leningrad"]
[Date "1991.??.??"]
[Round "?"]
[White "Vasiukov, Evgeni"]
[Black "Kuzmin, Gennadi P"]
[Result "1/2-1/2"]
[WhiteElo "2500"]
[BlackElo "2535"]

1.e4 e5 2.Nf3 Nc6 3.Bb5 a6 4.Ba4 Nf6 5.O-O b5 6.Bb3 Bb7 7.Re1 Bc5 8.c3 d6
9.d4 Bb6 10.Bg5 h6 11.Bh4 Qe7 12.a4 g5 13.axb5 axb5 14.Rxa8+ Bxa8 15.Bg3 h5
16.h4 g4 17.Ng5 Nd8 18.f4 Nd7 19.f5 Nf8 20.f6 Qxf6 21.Nxf7 Nxf7 22.Rf1 Qh6
23.Bxf7+ Ke7 24.Kh2 Nd7 25.Na3 Rf8 26.Bd5 Rxf1 27.Qxf1 Bxd5 28.exd5 exd4
29.Qf5 Qg7 30.Nxb5 dxc3 31.Qe6+ Kd8 32.bxc3 Qf8 33.Qg6 Qe8 34.Qg5+ Kc8 35.Qf4 Qe3  1/2-1/2

[Event "Leon"]
[Site "Leon"]
[Date "1991.??.??"]
[Round "?"]
[White "De la Villa Garcia, Jesus Maria"]
[Black "Magem Badals, Jorge"]
[Result "1/2-1/2"]
[WhiteElo "2470"]
[BlackElo "2490"]

1.e4 e5 2.Nf3 Nc6 3.Bb5 a6 4.Ba4 Nf6 5.O-O b5 6.Bb3 Bb7 7.d3 Be7 8.Re1 O-O
9.Nbd2 h6 10.Nf1 Re8 11.Ng3 Bf8 12.Bd2 d5 13.exd5 Nxd5 14.Ne4 Nf6 15.Qe2 Nd4
16.Nxd4 exd4 17.Qf3 Bxe4 18.dxe4 Bd6 19.a4 Rb8  1/2-1/2

[Event "ESP-chT"]
[Site "Linares"]
[Date "1991.??.??"]
[Round "?"]
[White "Gallego Eraso, Francisco"]
[Black "Milos, Gilberto"]
[Result "0-1"]
[WhiteElo "2395"]
[BlackElo "2530"]

1.e4 e5 2.Nf3 Nc6 3.Bb5 a6 4.Ba4 Nf6 5.O-O b5 6.Bb3 Bb7 7.d3 Be7 8.c4 O-O
9.Nc3 bxc4 10.Bxc4 d6 11.a3 Nd4 12.Bg5 a5 13.Rc1 Rb8 14.b4 axb4 15.axb4 c6
16.Nxd4 exd4 17.Ne2 d5 18.Ba2 dxe4 19.Bb1 e3 20.Rc4 exf2+ 21.Kh1 Nd5 22.Bd2 Ne3
23.Bxe3 dxe3 24.d4 g6 25.Be4 Bg5 26.Bf3 Qe7 27.Qc2 Rfd8 28.Rc5 Bf6 29.Qc3 Ba6
30.Rxc6 Bxd4 31.Qc1 Bb6  0-1

[Event "ESP-ch"]
[Site "Lleida"]
[Date "1991.??.??"]
[Round "7"]
[White "Serra Olives, Tomas"]
[Black "San Claudio, Francisco Javier"]
[Result "1-0"]
[WhiteElo "2200"]
[BlackElo "2240"]

1.e4 e5 2.Nf3 Nc6 3.Bb5 a6 4.Ba4 Nf6 5.O-O b5 6.Bb3 Bb7 7.c3 Nxe4 8.d4 d5
9.dxe5 Na5 10.Bc2 Be7 11.Nbd2 Nc4 12.Nxc4 bxc4 13.Nd4 O-O 14.f3 Nc5 15.f4 Ne6
16.f5 Nxd4 17.cxd4 f6 18.Kh1 c5 19.Qg4 Qc7 20.Bf4 fxe5 21.dxe5 Qc6 22.f6 Bxf6
23.exf6 Qxf6 24.Rf2 d4 25.Raf1 Qc6 26.Be5 Qh6 27.Bf5 Bd5 28.h3 Rf7 29.Be4 Be6
30.Rxf7  1-0

[Event "ESP-ch"]
[Site "Lleida"]
[Date "1991.??.??"]
[Round "7"]
[White "Fernandez, Juan Luis"]
[Black "Garcia Callejo, Jesus"]
[Result "1/2-1/2"]
[WhiteElo "2470"]
[BlackElo "2350"]

1.e4 e5 2.Nf3 Nc6 3.Bb5 a6 4.Ba4 Nf6 5.O-O b5 6.Bb3 Bb7 7.c3 Be7 8.d4 d6
9.Re1 O-O 10.a4 Nd7 11.d5 Na5 12.Ba2 c6 13.b4 Nc4 14.Bxc4 bxc4 15.dxc6 Bxc6
16.Na3 f5 17.exf5 Nb6 18.a5 Nd5 19.Nxc4 Nxc3 20.Qb3 Bd5 21.Qxc3 Rc8 22.Nfd2 Qc7
23.Bb2 Bxc4 24.Rac1 d5 25.Nxc4 dxc4 26.Re4 Rfd8 27.g3 Rd4 28.Rxd4 exd4 29.Qxd4 Bf6
30.Qd5+ Qf7 31.Qxf7+ Kxf7 32.Bc3 Bxc3 33.Rxc3 Kf6 34.Kf1 Ke5 35.Ke2 Kd4 36.Rf3 Rb8
37.f6 gxf6 38.Rxf6 Rxb4 39.Rd6+ Ke4 40.Re6+ Kd4 41.Rd6+ Ke4 42.f3+ Ke5 43.Rxa6 Rb2+
44.Ke3 Rb3+ 45.Kd2 Rxf3 46.Rh6 Kd4 47.Rh4+ Kc5 48.Rxh7 Kb4 49.Rb7+ Kxa5 50.Kc2 Ka4
51.Rb8 Ka3 52.g4 Rh3 53.Rb5 Ka4 54.Rh5 Rf3 55.Rh8 Kb4 56.Rb8+ Kc5 57.h4 Rf4
58.Rg8 Kd4 59.h5 Rf2+ 60.Kd1 c3 61.Rd8+ Kc4 62.h6 Rh2 63.g5 c2+ 64.Kc1 Kc3
65.Rc8+ Kb3 66.Rc5 Rh1+ 67.Kd2 Rh2+ 68.Kd3 Rh3+ 69.Ke4 Rh4+ 70.Kd3 Rh3+ 71.Ke4 Rh4+
72.Kf5 Rc4 73.Rxc4 Kxc4  1/2-1/2

[Event "URS-ch (Women)"]
[Site "Lvov"]
[Date "1991.??.??"]
[Round "?"]
[White "Erneste, Inguna"]
[Black "Struchkova, Svetlana"]
[Result "1-0"]
[WhiteElo "2285"]
[BlackElo "2145"]

1.e4 e5 2.Nf3 Nc6 3.Bb5 a6 4.Ba4 Nf6 5.O-O b5 6.Bb3 Bb7 7.d3 Bd6 8.c3 O-O
9.Bg5 h6 10.Bh4 Re8 11.Nbd2 Bf8 12.a3 g5 13.Bg3 d5 14.h4 dxe4 15.dxe4 g4
16.Nh2 h5 17.Qe2 Bh6 18.Rad1 Qe7 19.f3 Bc8 20.fxg4 hxg4 21.Bd5 Kg7 22.b4 Nxd5
23.exd5 Nd8 24.Nxg4 f5 25.Bxe5+ Kg6 26.h5+ Kh7 27.Qd3 Rf8 28.Nf3 Bg7 29.d6 cxd6
30.Bxd6 Qd7 31.Ng5+ Kg8 32.Bxf8  1-0

[Event "Wch U20 Girls"]
[Site "Mamaia"]
[Date "1991.??.??"]
[Round "?"]
[White "Martin del Campo, Jorge"]
[Black "Fruteau, Sabine"]
[Result "1/2-1/2"]
[WhiteElo "2260"]
[BlackElo "2055"]

1.e4 e5 2.Nf3 Nc6 3.Bb5 a6 4.Ba4 Nf6 5.O-O b5 6.Bb3 Bb7 7.d4 exd4 8.e5 Ne4
9.Bd5 Nc5 10.Nxd4 Nxd4 11.Bxb7 Nxb7 12.Qxd4 Nc5 13.Nc3 Be7 14.a4 Rb8 15.axb5 axb5
16.Be3 O-O 17.Nd5 Ne6 18.Qd2 d6 19.Nxe7+ Qxe7 20.exd6 cxd6 21.Ra7 Qf6 22.c3 Nc5
23.Qd5 Qe6 24.Rd1 Qxd5 25.Rxd5 b4 26.cxb4 Rxb4 27.Bxc5 Rxb2 28.Ra1 dxc5 29.Rxc5  1/2-1/2

[Event "Wch U20 Girls"]
[Site "Mamaia"]
[Date "1991.??.??"]
[Round "?"]
[White "Repkova Eid, Eva"]
[Black "Fruteau, Sabine"]
[Result "1/2-1/2"]
[WhiteElo "2115"]
[BlackElo "2055"]

1.e4 e5 2.Nf3 Nc6 3.Bb5 a6 4.Ba4 Nf6 5.O-O b5 6.Bb3 Bb7 7.Re1 Bc5 8.c3 d6
9.d4 Bb6 10.Bg5 h6 11.Bh4 g5 12.Bg3 O-O 13.h4 Nh5 14.Nxe5 Nxg3 15.Nxc6 Bxc6
16.fxg3 gxh4 17.Qg4+ Qg5 18.Qxh4 Rae8 19.Qxg5+ hxg5 20.Nd2 Kg7 21.Bc2 Re7
22.Kf2 Rfe8 23.g4 f6 24.Re3 Bd7 25.Kg3 d5 26.Rae1 c5 27.Nb3 c4 28.Nc5 Bxc5
29.dxc5 f5 30.gxf5 Bxf5 31.Kf3 Bg6 32.c6 Rc7 33.Kg4 dxe4 34.Bxe4 Bxe4 35.Rxe4 Rxe4+
36.Rxe4 Rxc6 37.Re5 Rd6 38.Rxg5+ Kh6 39.Rc5 Rd2 40.g3 Rxb2 41.Rc6+ Kg7 42.Rxa6 b4
43.cxb4 Rxb4 44.Rc6 Ra4 45.Kg5 Ra5+ 46.Kh4 Rxa2 47.Rxc4 Ra7 48.Rc6 Ra4+ 49.g4 Ra5
50.g5 Ra4+ 51.Kh5 Ra7 52.Rg6+ Kh7 53.Rc6 Kg7 54.Rg6+  1/2-1/2

[Event "Mexico City"]
[Site "Mexico"]
[Date "1991.??.??"]
[Round "11"]
[White "Rodriguez, Amador"]
[Black "Diaz, Joaquin C"]
[Result "1/2-1/2"]
[WhiteElo "2530"]
[BlackElo "2430"]

1.e4 e5 2.Nf3 Nc6 3.Bb5 a6 4.Ba4 Nf6 5.O-O b5 6.Bb3 Bb7 7.d3 Bc5 8.Nc3 d6
9.a4 b4 10.Ne2 Na5 11.Ba2 Rb8 12.Ng3 Bc8 13.d4 exd4 14.Nxd4 O-O 15.Bg5 h6
16.Bf4 Bxd4 17.Qxd4 b3 18.Bxb3 Nxb3 19.cxb3 Rxb3 20.Rac1  1/2-1/2

[Event "Miedzybrodzie op"]
[Site "Miedzybrodzie"]
[Date "1991.??.??"]
[Round "7"]
[White "Maciejewski, Miroslaw"]
[Black "Bandza, Algirdas"]
[Result "1-0"]
[WhiteElo "2300"]
[BlackElo "2405"]

1.e4 e5 2.Nf3 Nc6 3.Bb5 a6 4.Ba4 Nf6 5.O-O b5 6.Bb3 Bb7 7.d4 Nxd4 8.Nxd4 exd4
9.e5 Ne4 10.c3 dxc3 11.Qh5 Qe7 12.Nxc3 Nxc3 13.bxc3 g6 14.Qg4 h5 15.Qg3 h4
16.Qg4 Rh5 17.h3 O-O-O 18.a4 Qxe5 19.Bf4 f5 20.Qxh5 Qxf4 21.Qxg6 Bd6 22.Rfe1 Qh2+
23.Kf1 f4 24.f3 Bc5 25.Ke2 bxa4 26.Bxa4 d5 27.Rab1 Qg3 28.Qe6+ Kb8 29.Rxb7+ Kxb7
30.Qc6+ Kb8 31.Qxc5 Qxg2+ 32.Qf2 Qg6 33.Qxh4 Rd6 34.Kf2 Qg7 35.Qxf4 Qxc3
36.Rb1+ Ka7 37.Qe3+ Qxe3+ 38.Kxe3 Rh6 39.Bd7 c5 40.f4 Rh7  1-0

[Event "POL-chT"]
[Site "Mikolajki"]
[Date "1991.??.??"]
[Round "8"]
[White "Janocha, Wieslaw"]
[Black "Czerwonski, Aleksander"]
[Result "1/2-1/2"]
[WhiteElo "2355"]
[BlackElo "2370"]

1.e4 e5 2.Nf3 Nc6 3.Bb5 a6 4.Ba4 Nf6 5.O-O b5 6.Bb3 Bb7 7.d3 Bd6 8.c3 O-O
9.Nbd2 h6 10.Re1 Re8 11.Nf1 Bf8 12.Ne3 Na5 13.Bc2 c5 14.h3 Qc7 15.Nh2 d5
16.Nf5 dxe4 17.dxe4 Kh7 18.Qf3 Ng8 19.Ng4 g6 20.Nh4 Bg7 21.Ne3 Nf6 22.Ng4 Ng8
23.Qg3 Nc4 24.Nf3 Qe7 25.a4 Nf6 26.axb5 Nh5 27.Qh4 Qxh4 28.Nxh4 axb5 29.Rxa8 Rxa8
30.Nf3 Nf6 31.Nd2 Nd6 32.g3 Rd8 33.Kf1  1/2-1/2

[Event "FRA-ch Acc"]
[Site "Montpellier"]
[Date "1991.??.??"]
[Round "4"]
[White "Ladisic, Alex Sacha"]
[Black "Parmentier, Xavier"]
[Result "0-1"]
[WhiteElo "2140"]
[BlackElo "2245"]

1.e4 e5 2.Nf3 Nc6 3.Bb5 a6 4.Ba4 Nf6 5.O-O b5 6.Bb3 Bb7 7.Re1 Bc5 8.c3 d6
9.d4 Bb6 10.a3 h6 11.Bc2 Qe7 12.b4 O-O 13.Bb2 a5 14.Qd3 axb4 15.cxb4 Nxd4
16.Bxd4 Bxd4 17.Nxd4 exd4 18.Nd2 g6 19.Qxd4 c5 20.Qe3 Kg7 21.e5 dxe5 22.Qxe5 Qxe5
23.Rxe5 Rfd8 24.Nb3 c4 25.Na5 Rd2 26.Rc1 Bd5 27.f3 Rd8 28.Kf1 c3 29.Re3 Bc4+
30.Nxc4 bxc4 31.Be4 Nxe4 32.Rxe4 c2 33.Ree1 R8d3 34.a4 Rb3  0-1